01099nam a22002777a 4500003000500000005001700005008004100022040000900063100003500072245012100107260007200228300001500300336002100315337002500336338002300361502009600384504004100480700003500521700003600556700003300592700004200625720003400667720004600701720003400747720004000781CSPC20240627160626.0220818t xxu||||| |||| 00| 0 eng d cCSPC1 aBermido, Fe Marie F.,eauthor.00aRarakitan : ba green multipurpose evacuation center in Nabua, Camarines Sur / cFe Marie F. Bermido [and 5 others]. aNabua, Camarines Sur :bCamarines Sur Polytechnic Colleges ;c2021. a188 leaves 2rdacontentatext 2rdamediaaunmediated 2rdacarrieravolume aUndergraduate Thesis (BSCE) - Civil Engineering.cCamarines Sur Polytechnic Colleges, 2021. aIncludes bibliographical references.1 aBrisenio, Emmanuel D.,eauthor1 aEsteve, Nicole Anne B.,eauthor1 aNueva, Esmeralda C.,eauthor1 aValencia, Maria Jonnavee DV.,eauthor aMontaęz, Edna P.,eadviser. aMartinez, Mary Ann A., epanelist, chair. aTuralde, Henry P.,epanelist. aPacturanan, John Rey M.,epanelist.